Statistics for Classic Rock Songs A-Z

Click here to take the quiz!

General Stats

  • This quiz has been taken 239 times
  • The average score is 11 of 26

Answer Stats

LetterArtistYearSong% Correct
HEagles1976Hotel California
88%
BQueen1975Bohemian Rhapsody
86%
DJourney1981Don't Stop Believin'
75%
ADon McClean1971American Pie
73%
SLynyrd Skynyrd1974Sweet Home Alabama
69%
WAerosmith1975Walk This Way
56%
ZDavid Bowie1972Ziggy Stardust
55%
EBeatles1966Eleanor Rigby
54%
CElton John1973Crocodile Rock
53%
RScorpions1984Rock You Like a Hurricane
52%
TRush1981Tom Sawyer
50%
GFleetwood Mac1977Go Your Own Way
47%
VJimi Hendrix1968Voodoo Child
45%
JForeigner1981Jukebox Hero
34%
PMeat Loaf1977Paradise by the Dashboard Light
34%
MSteppenwolf1968Magic Carpet Ride
32%
URolling Stones1966Under My Thumb
31%
FBad Company1975Feel Like Makin' Love
30%
OYes1983Owner of a Lonely Heart
30%
KBob Dylan1973Knockin' On Heaven's Door
28%
LJoe Walsh1978Life's Been Good
28%
YBachman Turner Overdrive1974You Ain't Seen Nothin' Yet
28%
QMoody Blues1970Question
13%
IAC/DC1975It's a Long Way to the Top
10%
NHead East1974Never Been Any Reason
7%
XBlondie1976X Offender
6%

Score Distribution

Percentile by Number Answered

Percent of People with Each Score

Your Score History

You have not taken this quiz